Welcome to the Holygrace Academy Library

Please use search bar below to get started

PHYSICS XI (Record no. 6811)

MARC details
000 -LEADER
fixed length control field 00278nam a22001337a 4500
082 ## - DEWEY DECIMAL CLASSIFICATION NUMBER
Classification number 530
Item number XAV/P
100 ## - MAIN ENTRY--AUTHOR NAME
Personal name XAVIER ; JOY
245 ## - TITLE STATEMENT
Title PHYSICS XI
260 ## - PUBLICATION, DISTRIBUTION, ETC. (IMPRINT)
Place of publication THRISSUR
Name of publisher ROSARY PUBLISHERS
Year of publication 2023
300 ## - PHYSICAL DESCRIPTION
Number of Pages 65
520 ## - SUMMARY, ETC.
Summary, etc PHYSICS XI
650 ## - SUBJECT ADDED ENTRY--TOPICAL TERM
Topical Term REFERENCE
942 ## - ADDED ENTRY ELEMENTS (KOHA)
Koha item type Books
Holdings
Withdrawn status Lost status Collection code Home library Current library Shelving location Date acquired Source of acquisition Cost, normal purchase price Full call number Accession Number Koha item type
    Reference Main Library Main Library NEW SHELF WITH NEW ENTRY 27/09/2023 Purchase 370.00 530 XAV/P 12903 Books